Introduction to probability and random processes (Record no. 64008)

000 -LEADER
fixed length control field 00440nam a22001697a 4500
003 - CONTROL NUMBER IDENTIFIER
control field NUST - PNEC
005 - DATE AND TIME OF LATEST TRANSACTION
control field 20170116180830.0
008 - FIXED-LENGTH DATA ELEMENTS--GENERAL INFORMATION
fixed length control field 150730b xxu||||| |||| 00| 0 eng d
020 ## - INTERNATIONAL STANDARD BOOK NUMBER
International Standard Book Number 0070015635
040 ## - CATALOGING SOURCE
Transcribing agency LIBRARY
082 ## - DEWEY DECIMAL CLASSIFICATION NUMBER
Classification number 519.2 AUN
100 ## - MAIN ENTRY--PERSONAL NAME
9 (RLIN) 4597
Personal name Auñón, Jorge
245 ## - TITLE STATEMENT
Title Introduction to probability and random processes
Statement of responsibility, etc. Jorge Auñón,
260 ## - PUBLICATION, DISTRIBUTION, ETC.
Date of publication, distribution, etc. c 1997
650 ## - SUBJECT ADDED ENTRY--TOPICAL TERM
9 (RLIN) 4598
Topical term or geographic name entry element Probabilities
General subdivision -
942 ## - ADDED ENTRY ELEMENTS (KOHA)
Source of classification or shelving scheme
Koha item type Book
Holdings
Withdrawn status Lost status Source of classification or shelving scheme Damaged status Not for loan Permanent Location Current Location Shelving location Date acquired Total Checkouts Full call number Barcode Date last seen Price effective from Koha item type
          Pakistan Navy Engineering College (PNEC) Pakistan Navy Engineering College (PNEC)       519.2 AUN PNECLIB-0276877 07/30/2015   Book
          Pakistan Navy Engineering College (PNEC) Pakistan Navy Engineering College (PNEC)       519.2 AUN PNECLIB-024697 08/01/2015   Book
          Pakistan Navy Engineering College (PNEC) Pakistan Navy Engineering College (PNEC)       519.2 AUN PNECLIB-024696 08/01/2015   Book
© 2023 Central Library, National University of Sciences and Technology. All Rights Reserved.